|
|
|
|
| LEADER |
01913nam a22003377a 4500 |
| 001 |
37488 |
| 003 |
BD-DhAAL |
| 005 |
20220324103358.0 |
| 008 |
210623t2018 bg a|||| |||| 001 0 ben d |
| 999 |
|
|
|c 43225
|d 43225
|
| 020 |
|
|
|a 9789849350163
|
| 040 |
|
|
|a BD-DhAAL
|
| 041 |
|
|
|a ben
|
| 082 |
|
|
|a 320.95492
|2 22
|
| 100 |
|
|
|a আহমদ, কামরুদ্দীন
|9 41083
|
| 245 |
|
|
|a বাংলার এক মধ্যবিত্তের আত্মকাহিনী /
|c কামরুদ্দীন আহমদ
|
| 246 |
|
|
|a Banglar ek moddhobitter attokahini
|
| 250 |
|
|
|a প্রথম সংস্করণ ২০১৮
|
| 260 |
|
|
|a ঢাকা :
|b প্রথমা প্রকাশন ,
|c ২০১৮
|
| 300 |
|
|
|a ৪৫৫ পৃষ্ঠা :
|b চিত্র ;
|c ২১ সে.মি.
|
| 500 |
|
|
|a নিঘন্ট অন্তভূক্ত
|
| 526 |
|
|
|a RS
|
| 541 |
|
|
|a Karim International, Donated By Akbar Ali Khan
|e 37488, 37489, 37490, 38139
|
| 600 |
|
|
|a Ahmed, Kamruddin
|v Biography
|9 41086
|
| 651 |
|
|
|a Bangladesh
|x Politics and government.
|9 41084
|
| 852 |
|
|
|a Savar Campus Library
|c General Stacks
|
| 942 |
|
|
|2 ddc
|c BK
|
| 952 |
|
|
|0 0
|1 0
|2 ddc
|4 0
|6 320_954920000000000_AHM
|7 0
|9 69317
|a SCL
|b SCL
|c GEN
|d 2021-03-25
|e Karim International
|g 700.00
|l 0
|o 320.95492 AHM
|p 3020037488
|r 2021-03-25
|t 1
|v 700.00
|w 2021-03-25
|y BK
|
| 952 |
|
|
|0 0
|1 0
|2 ddc
|4 0
|6 320_954920000000000_AHM
|7 0
|9 69318
|a SCL
|b SCL
|c GEN
|d 2021-03-25
|e Karim International
|g 700.00
|l 0
|o 320.95492 AHM
|p 3020037490
|r 2021-03-25
|t 3
|v 700.00
|w 2021-03-25
|y BK
|
| 952 |
|
|
|0 0
|1 0
|2 ddc
|4 0
|6 320_954920000000000_AHM
|7 0
|9 69319
|a SCL
|b SCL
|c GEN
|d 2021-03-25
|e Karim International
|g 700.00
|l 0
|o 320.95492 AHM
|p 3020037489
|r 2021-03-25
|t 2
|v 700.00
|w 2021-03-25
|y BK
|
| 952 |
|
|
|0 0
|1 0
|2 ddc
|4 0
|6 320_954920000000000_AHM
|7 1
|9 70255
|a BRACUL
|b BRACUL
|c AAKC
|d 2022-03-24
|e Donated by Akbar Ali Khan
|l 0
|o 320.95492 AHM
|p 3010038139
|r 2022-03-24
|t 4
|w 2022-03-24
|y BK
|